000 00828nam a2200265Ia 4500
003 OSt
005 20220926012142.0
006 a|||||r|||| 00| 0
007 ta
008 220923b |||||||| |||| 00| 0 eng d
020 _a0854962328
037 _cGeneral Book
040 _aRTL
_cRTL
_beng
041 _2eng
_aeng
082 _aX.55.N3, N0
100 _aVon Kruedener Jurgen Baron
_9315629
245 0 _aEconomic crisis and political collapse
_bThe Weimar republic 1924-193
260 _aNew York
_bBerg Publications
_c1990
300 _axxx,157p.
_ccm.
490 _aGerman Historical Perspectives Series, 5
500 _aBibliography: P 153-55
650 _aEconomic Condition Europe
_9234055
942 _hX.55.N3, N0
_cGB
_2CC
999 _c621905
_d621905